| 000 | 00475nam a2200181 a 4500 | ||
|---|---|---|---|
| 005 | 20140310183507.0 | ||
| 008 | 100923s19uu xx 00 eng d | ||
| 020 | _a0671728237 | ||
| 050 |
_aPZ 7 _b.Sm642 1992 |
||
| 100 |
_aSmith, Philip E. _dPhilip E. Smith. |
||
| 245 | _aJourney into darkness / | ||
| 260 |
_aNew York : _bPocket Books Pub, _c1992. |
||
| 300 |
_a271 p. : _c18 cm. |
||
| 650 | _aFiction | ||
| 700 | _aHerz, Peggy | ||
| 942 |
_cBK _2lcc |
||
| 999 |
_c24069 _d24069 |
||